[Event "World op 46th"]
[Site "Philadelphia"]
[Date "2018.07.06"]
[Round "4"]
[White "Colding, Ernest"]
[Black "Homa, Seth"]
[Result "1/2-1/2"]
[WhiteElo "2044"]
[BlackElo "2239"]
[PlyCount "72"]
[EventDate "2018.07.04"]
[EventType "swiss"]
[EventRounds "9"]
[EventCountry "USA"]
[SourceTitle "CBM 185 Extra"]
[Source "ChessBase"]
[SourceDate "2018.07.29"]
[SourceVersion "1"]
[SourceVersionDate "2018.07.29"]
[SourceQuality "1"]

1. e4 c5 2. d4 cxd4 3. c3 dxc3 4. Nxc3 Nc6 5. Nf3 e6 6. Bc4 a6 7. 0-0 b5 8. Bb3 Na5 9. Re1 Bb7 10. Bf4 d6 11. Bd5 exd5 12. e5 dxe5 13. Bxe5 Ne7 14. Ng5 Qb6 15. Bxg7 Bxg7 16. Rxe7+ Kxe7 17. Nxd5+ Bxd5 18. Qxd5 Ra7 19. Re1+ Kf8 20. Qf5 Bf6 21. Ne6+ fxe6 22. Qxf6+ Rf7 23. Qxh8+ Ke7 24. Re3 Qc5 25. h3 Qc2 26. Rf3 Rxf3 27. gxf3 Qg6+ 28. Kh2 Nc4 29. Qd4 Qf5 30. f4 Nd6 31. Qa7+ Kf8 32. Qb8+ Ne8 33. Kg3 Qd3+ 34. Kg4 Qe2+ 35. Kg3 Qxb2 36. Qa7 Qg7+ 1/2-1/2

[Event "Eastern op 42nd"]
[Site "Bethesda"]
[Date "2015.12.28"]
[Round "4"]
[White "Colding, Ernest"]
[Black "Nguyen, Tan"]
[Result "1-0"]
[WhiteElo "2126"]
[BlackElo "1865"]
[PlyCount "73"]
[EventDate "2015.12.26"]
[EventType "swiss"]
[EventRounds "7"]
[EventCountry "USA"]
[SourceTitle "CBM 170 Extra"]
[Source "ChessBase"]
[SourceDate "2016.02.25"]
[SourceVersion "1"]
[SourceVersionDate "2016.02.25"]
[SourceQuality "1"]

1. e4 g6 2. d4 Bg7 3. Nf3 d6 4. Be2 a6 5. 0-0 b5 6. Re1 Bb7 7. Bd3 Nd7 8. Qe2 c5 9. c3 e6 10. a4 b4 11. Nbd2 a5 12. Bb5 cxd4 13. cxd4 Ne7 14. Nc4 Nc8 15. Bg5 Qc7 16. Rac1 Qb8 17. Nfe5 dxe5 18. Bxd7+ Kf8 19. d5 h6 20. Be3 exd5 21. exd5 Kg8 22. Bc5 Bxd5 23. Nxe5 Qb7 24. Qg4 Nb6 25. Bb5 Be6 26. Qg3 Bxe5 27. Qxe5 Nd7 28. Bxd7 Qxd7 29. Rcd1 Qxa4 30. Bd4 Rh7 31. Qf6 Qe8 32. Be5 Bd7 33. Rd6 Qd8 34. Qf3 Rc8 35. Qd5 Rc7 36. Rxg6+ Kf8 37. Bd6+ 1-0

[Event "Foxwoods op 09th"]
[Site "Connecticut"]
[Date "2007.04.05"]
[Round "2"]
[White "Mason, Mike W"]
[Black "Colding, Ernest"]
[Result "0-1"]
[WhiteElo "2077"]
[BlackElo "2186"]
[PlyCount "26"]
[EventDate "2007.04.04"]
[EventType "swiss"]
[EventRounds "9"]
[EventCountry "USA"]
[SourceTitle "CBM 117 Extra"]
[Source "ChessBase"]
[SourceDate "2007.05.09"]
[SourceVersion "1"]
[SourceVersionDate "2007.05.09"]
[SourceQuality "1"]

1. d4 Nf6 2. c4 c5 3. d5 b5 4. cxb5 a6 5. Nc3 d6 6. g3 g6 7. Bg2 Bg7 8. Nf3 axb5 9. Nxb5 Qa5+ 10. Nc3 Ne4 11. Bd2 Nxc3 12. Qc2 Qa4 13. b3 Qe4 0-1

[Event "World op 34th"]
[Site "Philadelphia"]
[Date "2006.06.28"]
[Round "1"]
[White "Colding, Ernest"]
[Black "Mulyar, Michael A"]
[Result "1/2-1/2"]
[WhiteElo "2177"]
[BlackElo "2391"]
[PlyCount "40"]
[EventDate "2006.06.28"]
[EventType "swiss"]
[EventRounds "9"]
[EventCountry "USA"]
[SourceTitle "CBM 112 Extra"]
[Source "ChessBase"]
[SourceDate "2006.07.14"]
[SourceVersion "1"]
[SourceVersionDate "2006.07.14"]
[SourceQuality "1"]

1. e4 e5 2. Nf3 Nc6 3. d4 exd4 4. c3 d5 5. exd5 Qxd5 6. cxd4 Bb4+ 7. Nc3 Nf6 8. Bd3 0-0 9. 0-0 Bxc3 10. bxc3 Bg4 11. h3 Bh5 12. c4 Qd6 13. g4 Bg6 14. Bxg6 hxg6 15. d5 Ne5 16. Nxe5 Qxe5 17. Rb1 Qe4 18. Qb3 a6 19. Bb2 Rfe8 20. Qc3 Qf4 1/2-1/2

[Event "Foxwoods op 06th"]
[Site "Connecticut"]
[Date "2004.04.10"]
[Round "7"]
[White "Colding, Ernest"]
[Black "Matikozian, Andranik"]
[Result "0-1"]
[WhiteElo "2217"]
[BlackElo "2467"]
[PlyCount "74"]
[EventDate "2004.04.07"]
[EventType "swiss"]
[EventRounds "9"]
[EventCountry "USA"]
[SourceTitle "CBM 099 Extra"]
[Source "ChessBase"]
[SourceDate "2004.05.04"]
[SourceVersion "1"]
[SourceVersionDate "2004.05.04"]
[SourceQuality "1"]

1. e4 c5 2. c3 d5 3. exd5 Qxd5 4. d4 Nf6 5. Be3 cxd4 6. cxd4 Bg4 7. f3 Bd7 8. Nc3 Qa5 9. Bc4 e6 10. Nge2 Be7 11. 0-0 0-0 12. a3 Rd8 13. b4 Qc7 14. Bb3 Bc6 15. Rc1 Qd7 16. Qd3 a6 17. Bf2 Bd5 18. Na4 Qb5 19. Qxb5 axb5 20. Nb6 Rxa3 21. Bxd5 exd5 22. Rc7 Bxb4 23. Rxb7 Nc6 24. Rc1 Na5 25. Rbc7 Nc4 26. Nc8 Re8 27. Ng3 Ra8 28. Na7 Bd2 29. Rb1 Ba5 30. Nxb5 Bxc7 31. Nxc7 Reb8 32. Rxb8+ Rxb8 33. h4 Rb6 34. Nf5 Kf8 35. g4 g6 36. Ng3 Ke7 37. g5 Kd7 0-1

[Event "New York op"]
[Site "New York"]
[Date "2000.05.05"]
[Round "1"]
[White "Colding, Ernest"]
[Black "Grischuk, Alexander"]
[Result "0-1"]
[WhiteElo "2208"]
[BlackElo "2581"]
[PlyCount "56"]
[EventDate "2000.05.05"]
[EventType "swiss"]
[EventRounds "9"]
[EventCountry "USA"]
[SourceTitle "CBM 076 Extra"]
[Source "ChessBase"]
[SourceDate "2000.07.11"]
[SourceVersion "1"]
[SourceVersionDate "2000.07.11"]
[SourceQuality "1"]

1. e4 c5 2. c3 Nf6 3. e5 Nd5 4. d4 cxd4 5. cxd4 d6 6. Bc4 Nb6 7. Bb5+ Nc6 8. d5 a6 9. e6 axb5 10. exf7+ Kxf7 11. dxc6 bxc6 12. Nf3 Qd7 13. 0-0 e5 14. Nc3 Be7 15. Re1 Qd8 16. Ne4 h6 17. Qc2 Qc7 18. b3 Rf8 19. Bb2 Kg8 20. a4 bxa4 21. bxa4 Bg4 22. Nfd2 Kh8 23. Rac1 Rac8 24. a5 Nd5 25. Ng3 Rxf2 26. Ngf1 Qa7 27. Kh1 Nf4 28. Qb3 Rb8 0-1

[Event "World op 23rd"]
[Site "Philadelphia"]
[Date "1995.??.??"]
[Round "8"]
[White "Colding, Ernest"]
[Black "Filatov, Leonid"]
[Result "0-1"]
[WhiteElo "2200"]
[BlackElo "2355"]
[PlyCount "114"]
[EventDate "1995.06.??"]
[EventType "swiss"]
[EventRounds "9"]
[EventCountry "USA"]
[SourceTitle "EXT 2000"]
[Source "ChessBase"]
[SourceDate "1999.11.16"]
[SourceVersion "1"]
[SourceVersionDate "1999.11.16"]
[SourceQuality "1"]

1. e4 e6 2. d4 d5 3. e5 c5 4. c3 Nc6 5. Nf3 Qb6 6. Bd3 cxd4 7. cxd4 Bd7 8. 0-0 Nb4 9. Be2 Bb5 10. Bxb5+ Qxb5 11. Nc3 Qd7 12. a3 Nc6 13. b4 Nge7 14. Be3 Nf5 15. g4 Nxe3 16. fxe3 Be7 17. Rc1 0-0 18. g5 f6 19. exf6 gxf6 20. Kh1 Kh8 21. g6 hxg6 22. Nh4 Qe8 23. Qg4 g5 24. Qh3 Kg7 25. Qxe6 gxh4 26. Rf4 Qh5 27. Rg1+ Kh8 28. Qf5 Qxf5 29. Rxf5 Rf7 30. Nxd5 Rg8 31. Rh5+ Rh7 32. Rxh7+ Kxh7 33. Rxg8 Kxg8 34. b5 Bxa3 35. bxc6 bxc6 36. Nxf6+ Kf7 37. Ng4 Ke6 38. Kg2 a5 39. Kf3 a4 40. Ke2 Bd6 41. Kd3 a3 42. Kc2 Kf5 43. h3 Ke4 44. Kb3 Kf3 45. Ne5+ Kg3 46. Nxc6 Kxh3 47. e4 Kg3 48. e5 Bf8 49. d5 h3 50. d6 h2 51. d7 h1Q 52. d8Q Qf3+ 53. Ka2 Qe2+ 54. Kb3 Qb5+ 55. Kc2 Qxc6+ 56. Kd1 Qa4+ 57. Ke2 Qc2+ 0-1

[Event "Eastern Class-ch 2nd"]
[Site "Needham"]
[Date "1993.03.13"]
[Round "1"]
[White "Messenger, Robert"]
[Black "Colding, Ernest"]
[Result "0-1"]
[WhiteElo "2012"]
[BlackElo "2279"]
[PlyCount "72"]
[EventDate "1993.03.13"]
[EventType "swiss"]
[EventRounds "5"]
[EventCountry "USA"]
[SourceTitle "EXT 2005"]
[Source "ChessBase"]
[SourceDate "2004.11.15"]
[SourceVersion "1"]
[SourceVersionDate "2004.11.15"]
[SourceQuality "1"]

1. d4 Nf6 2. c4 g6 3. Nc3 Bg7 4. e4 0-0 5. Nge2 d6 6. Ng3 c5 7. d5 e6 8. Be2 exd5 9. exd5 Re8 10. 0-0 a6 11. Bf4 Qe7 12. Re1 Nbd7 13. Qd2 Qf8 14. Rac1 Ne5 15. b3 Bd7 16. Bf1 Nfg4 17. a4 f5 18. h3 Nh6 19. Bd3 Nhf7 20. Rcd1 Re7 21. Nge2 Rae8 22. Nc1 Bf6 23. Bf1 Qg7 24. Nb1 g5 25. Bxe5 Nxe5 26. Nd3 g4 27. Nxe5 Bxe5 28. h4 f4 29. g3 Rf8 30. Bd3 Ref7 31. Qc2 fxg3 32. fxg3 Rf3 33. Rf1 Rxg3+ 34. Kh1 Rh3+ 35. Kg1 Bd4+ 36. Kg2 Rff3 0-1